[Event "15th Asian-ch"]
[Site "Chengdu CHN"]
[Date "2017.05.12"]
[Round "1"]
[White "Yeoh Li Tian"]
[Black "Yu Yangyi"]
[Result "1/2-1/2"]
[WhiteElo "2470"]
[BlackElo "2743"]
[EventDate "2017.05.12"]
[PlyCount "104"]

1.e4 d6 2.d4 Nf6 3.Nc3 g6 4.Nf3 Bg7 5.Be2 O-O 6.O-O a6 7.Re1 Nc6 8.d5 Nb8 
9.a4 c6 10.a5 Bg4 11.Be3 Nbd7 12.h3 Bxf3 13.Bxf3 Qc7 14.Be2 Rfe8 15.Bd4 e6
16.dxe6 Rxe6 17.Bc4 Re7 18.Qd2 Rae8 19.f3 d5 20.exd5 Bh6 21.Qf2 c5 22.Rxe7
Rxe7 23.Bxf6 Nxf6 24.Re1 Bf4 25.Ne4 Nxe4 26.Rxe4 Rxe4 27.fxe4 Kg7 28.d6 
Bxd6 29.Bd5 f6 30.Qd2 Bf4 31.Qe1 Be5 32.Kh1 Qd8 33.Qe3 Qc7 34.Qa3 b5 35.
axb6 Qxb6 36.c3 Bc7 37.Qa4 Qd6 38.Kg1 Qg3 39.Qd1 a5 40.Kf1 Qe3 41.Qe1 Qd3+
42.Qe2 Qb1+ 43.Kf2 Qc1 44.Bb3 Bh2 45.Qc2 Qg1+ 46.Kf3 Qf1+ 47.Qf2 Qd3+ 48.
Qe3 Qd8 49.Bd5 Qb8 50.Qf2 Bd6 51.Qd2 Qb5 52.Bc4 Qc6 1/2-1/2

[Event "15th Asian-ch"]
[Site "Chengdu CHN"]
[Date "2017.05.12"]
[Round "1"]
[White "Atabaev, Yusup"]
[Black "Kasimdzhanov, Rustam"]
[Result "0-1"]
[WhiteElo "2455"]
[BlackElo "2698"]
[EventDate "2017.05.12"]
[PlyCount "76"]

1.e4 c6 2.d4 d5 3.Nc3 dxe4 4.Nxe4 Nf6 5.Nxf6+ exf6 6.c3 Bd6 7.Bd3 O-O 8.
Ne2 Re8 9.h3 Nd7 10.O-O Qc7 11.c4 Nf8 12.Qc2 Be6 13.Be3 Rad8 14.Rad1 Ng6 
15.Nc3 Qc8 16.Rfe1 Nh4 17.Bf1 Bb8 18.Ne2 Nf5 19.Bc1 Re7 20.Qc3 Red7 21.f4 
h5 22.b3 h4 23.Ba3 a6 24.Bc5 Bc7 25.Rd2 Qb8 26.Qf3 Ba5 27.b4 Bc7 28.d5 
cxd5 29.cxd5 Rxd5 30.Rxd5 Bxd5 31.Qg4 Be6 32.Bf2 Rd2 33.Bxh4 Bb6+ 34.Kh1 
Ne3 35.Qg3 Nxf1 36.Rxf1 Rxe2 37.Bxf6 Qf8 38.Rd1 Bf5 0-1

[Event "15th Asian-ch"]
[Site "Chengdu CHN"]
[Date "2017.05.12"]
[Round "1"]
[White "Bu Xiangzhi"]
[Black "Hossain, Enamul"]
[Result "1-0"]
[WhiteElo "2697"]
[BlackElo "2452"]
[EventDate "2017.05.12"]
[PlyCount "55"]

1.Nf3 c5 2.g3 d5 3.Bg2 Nf6 4.O-O e6 5.d4 cxd4 6.Nxd4 e5 7.Nb3 Be7 8.Bg5 
Be6 9.c4 d4 10.Bxf6 Bxf6 11.Nc5 Nc6 12.Nxe6 fxe6 13.Nd2 O-O 14.c5 Qd7 15.
a3 Kh8 16.Qb3 Rab8 17.Ne4 Ne7 18.Rac1 Nd5 19.Qc4 Be7 20.b4 Rfc8 21.Bh3 b5 
22.Qd3 Rc6 23.e3 dxe3 24.fxe3 h6 25.Rcd1 Qc8 26.Bxe6 Nxb4 27.Bxc8 Nxd3 28.
Bd7 1-0

[Event "15th Asian-ch"]
[Site "Chengdu CHN"]
[Date "2017.05.12"]
[Round "1"]
[White "Liu Guanchu"]
[Black "Santosh Gujrathi, Vidit"]
[Result "1/2-1/2"]
[WhiteElo "2448"]
[BlackElo "2687"]
[EventDate "2017.05.12"]
[PlyCount "153"]

1.e4 c6 2.d4 d5 3.e5 Bf5 4.Nc3 e6 5.g4 Bg6 6.Nge2 c5 7.h4 h5 8.Nf4 Bh7 9.
Nxh5 Nc6 10.dxc5 Bxc5 11.Bb5 Qc7 12.Bxc6+ Qxc6 13.Qf3 O-O-O 14.Nxg7 Ne7 
15.Bg5 d4 16.Qxc6+ Nxc6 17.Na4 Bf8 18.Bxd8 Kxd8 19.O-O-O Bxg7 20.f4 Bh6 
21.g5 Bf8 22.Nc3 Ke8 23.Ne2 Be4 24.Rh2 Bf3 25.Rd2 Bb4 26.c3 dxc3 27.Nxc3 
Bh5 28.Rd3 Bg6 29.Rdh3 Bf5 30.Rg3 Rh5 31.Ne2 Be1 32.Rb3 b6 33.Ng3 Bxg3 34.
Rxg3 Nb4 35.Kd2 a5 36.a3 Nd5 37.Rf3 Kf8 38.Ke1 Kg7 39.Kf2 Be4 40.Rg3 Kg6 
41.Rg1 Rh8 42.Kg3 Kh5 43.Re1 Bf5 44.Rc1 a4 45.Rd2 Rb8 46.Rc6 Rh8 47.Rxd5 
exd5 48.Rf6 Bc2 49.f5 d4 50.Rxf7 d3 51.Rd7 d2 52.Rxd2 Bxf5 53.Rd6 b5 54.
Rf6 Bg6 55.e6 Rd8 56.e7 Re8 57.Re6 Rb8 58.Kf4 b4 59.Ke5 bxa3 60.bxa3 Rb5+ 
61.Kd4 Rb8 62.Kc5 Rc8+ 63.Kd6 Rg8 64.Ke5 Rb8 65.Kf6 Be8 66.Rd6 Rb3 67.Rd8 
Rf3+ 68.Ke5 Re3+ 69.Kd6 Bg6 70.Rh8+ Kg4 71.Kd7 Rxa3 72.Rg8 Rd3+ 73.Ke6 
Bf5+ 74.Kf7 Bd7 75.e8=Q Bxe8+ 76.Rxe8 Rd7+ 77.Kg6 1/2-1/2

[Event "15th Asian-ch"]
[Site "Chengdu CHN"]
[Date "2017.05.12"]
[Round "1"]
[White "Wang Hao"]
[Black "Fang Yan"]
[Result "1-0"]
[WhiteElo "2680"]
[BlackElo "2443"]
[EventDate "2017.05.12"]
[PlyCount "69"]

1.e4 c5 2.Nf3 e6 3.d4 cxd4 4.Nxd4 a6 5.Bd3 Qc7 6.O-O Nf6 7.Qe2 d6 8.c4 g6 
9.Nc3 Bg7 10.h3 O-O 11.Nf3 Nc6 12.Be3 Nd7 13.Rac1 b6 14.Rfd1 Bb7 15.Bb1 
Nc5 16.b3 Rac8 17.Qd2 Rfd8 18.Bg5 Rd7 19.Qe3 Qb8 20.Ne2 Qa8 21.a3 a5 22.
Bc2 Ne5 23.Nxe5 Bxe5 24.f3 Rdc7 25.Nc3 a4 26.bxa4 Bc6 27.f4 Bxc3 28.Qxc3 
Bxe4 29.Bh6 f5 30.Rxd6 Bxc2 31.Qxc2 Qe4 32.Qc3 e5 33.Re1 Qb7 34.Qxe5 Ne4 
35.Qe6+ 1-0

[Event "15th Asian-ch"]
[Site "Chengdu CHN"]
[Date "2017.05.12"]
[Round "1"]
[White "Nguyen Van Huy"]
[Black "Adhiban, Baskaran"]
[Result "1/2-1/2"]
[WhiteElo "2442"]
[BlackElo "2672"]
[EventDate "2017.05.12"]
[PlyCount "74"]

1.d4 d6 2.Nf3 Bg4 3.e4 Nf6 4.Nc3 e6 5.h3 Bh5 6.Bf4 Be7 7.Bd3 c6 8.g4 Bg6 
9.Qe2 d5 10.a3 dxe4 11.Nxe4 Nxe4 12.Bxe4 Bxe4 13.Qxe4 Qd5 14.Qxd5 cxd5 15.
Bxb8 Rxb8 16.Kd2 Bd6 17.a4 Kd7 18.b3 Rhc8 19.Kd3 b6 20.c4 Bf4 21.Ne1 g6 
22.Ng2 Bh6 23.cxd5 exd5 24.Ne3 Bxe3 25.fxe3 Rc6 26.Rac1 Rbc8 27.Rxc6 Rxc6 
28.h4 Rf6 29.Ke2 Rc6 30.Kd3 Rf6 31.Ke2 a5 32.h5 Rc6 33.Kd3 Rc8 34.hxg6 
hxg6 35.Rf1 Ke7 36.g5 Rc6 37.Rf3 Rd6 1/2-1/2

[Event "15th Asian-ch"]
[Site "Chengdu CHN"]
[Date "2017.05.12"]
[Round "1"]
[White "Ganguly, Surya Shekhar"]
[Black "Bilguun, Sumiya"]
[Result "1-0"]
[WhiteElo "2653"]
[BlackElo "2440"]
[EventDate "2017.05.12"]
[PlyCount "51"]

1.d4 d5 2.c4 e6 3.Nc3 Nf6 4.Nf3 c6 5.e3 Nbd7 6.Bd3 dxc4 7.Bxc4 b5 8.Bd3 a6
9.e4 c5 10.e5 cxd4 11.Nxb5 Nxe5 12.Nxe5 axb5 13.Bxb5+ Bd7 14.Nxd7 Qa5+ 15.
Bd2 Qxb5 16.Nxf8 Kxf8 17.a4 Qxb2 18.O-O Nd5 19.Qe2 Nc3 20.Qd3 Ke7 21.Rfb1 
Nxb1 22.Rxb1 Qa2 23.Rb7+ Kf8 24.Qxd4 Re8 25.Bb4+ Kg8 26.Bc3 1-0

[Event "15th Asian-ch"]
[Site "Chengdu CHN"]
[Date "2017.05.12"]
[Round "1"]
[White "Peng Xiongjian"]
[Black "Sethuraman, Panayapan"]
[Result "0-1"]
[WhiteElo "2431"]
[BlackElo "2633"]
[EventDate "2017.05.12"]
[PlyCount "112"]

1.d4 Nf6 2.c4 d6 3.Nf3 g6 4.Nc3 Bf5 5.g3 Bg7 6.Bg2 Ne4 7.Nh4 Nxc3 8.bxc3 
Bc8 9.Qb3 Nc6 10.Ba3 Bd7 11.O-O Rb8 12.c5 b6 13.cxd6 cxd6 14.f4 Na5 15.Qc2
Rc8 16.Rad1 Qc7 17.Bb2 Qc4 18.Qb1 Qb5 19.Qc2 O-O 20.e4 Be6 21.Bc1 Qc4 22.
Qf2 Qxa2 23.Bd2 Nb3 24.f5 Bc4 25.Bg5 Qxf2+ 26.Rxf2 f6 27.Be3 Bf7 28.Rc2 b5
29.d5 a5 30.Rb1 a4 31.Rbb2 Rc4 32.Kf2 Rb8 33.g4 g5 34.Nf3 Rxe4 35.Nd4 Rxg4
36.Nxb3 Rxg2+ 37.Kxg2 Bxd5+ 38.Kf2 Bxb3 39.Rd2 Kf7 40.Rd4 Rc8 41.Rb4 Bc4 
42.Bd4 a3 43.Rb1 Ra8 44.Ke3 Bh6 45.Kd2 g4+ 46.Be3 Bxe3+ 47.Kxe3 a2 48.Ra1 
Ra3 49.Kd4 Kg7 50.Rb2 Kh6 51.h3 gxh3 52.Rh2 Kg5 53.Ke4 d5+ 54.Kd4 Kxf5 55.
Rxh3 b4 56.Rf3+ Kg6 0-1

[Event "15th Asian-ch"]
[Site "Chengdu CHN"]
[Date "2017.05.12"]
[Round "1"]
[White "Nguyen Ngoc Truong Son"]
[Black "Atabaev, Saparmyrat"]
[Result "1/2-1/2"]
[WhiteElo "2632"]
[BlackElo "2422"]
[EventDate "2017.05.12"]
[PlyCount "40"]

1.d4 Nf6 2.Nf3 e6 3.Bf4 b6 4.e3 Bb7 5.Nbd2 g6 6.h3 Bg7 7.Bd3 O-O 8.O-O d6 
9.Re1 Nbd7 10.Bh2 d5 11.Ne5 Nxe5 12.Bxe5 Ne4 13.Bxg7 Kxg7 14.Rf1 c5 15.
Bxe4 dxe4 16.dxc5 bxc5 17.Nb3 Bc6 18.Qe2 Qe7 19.Na5 Bb7 20.Nxb7 Qxb7 
1/2-1/2

[Event "15th Asian-ch"]
[Site "Chengdu CHN"]
[Date "2017.05.12"]
[Round "1"]
[White "Wang Yiye"]
[Black "Zhumabaev, Rinat"]
[Result "1-0"]
[WhiteElo "2421"]
[BlackElo "2625"]
[EventDate "2017.05.12"]
[PlyCount "79"]

1.d4 Nf6 2.Bf4 g6 3.e3 Bg7 4.Nf3 d6 5.h3 O-O 6.Nbd2 Nfd7 7.Bc4 Nc6 8.c3 e5
9.Bh2 Qe7 10.O-O Kh8 11.Ne1 f5 12.Nc2 Nf6 13.f4 exd4 14.exd4 d5 15.Bd3 Be6
16.Nf3 Ne4 17.Qe2 a6 18.Ne3 b5 19.a3 Qd7 20.Rad1 Rae8 21.Bxe4 dxe4 22.Ne5 
Nxe5 23.dxe5 Qe7 24.Rd4 Bb3 25.Kh1 Rd8 26.g4 c5 27.Rxd8 Qxd8 28.gxf5 gxf5 
29.Rg1 Qh4 30.Qg2 Bh6 31.c4 Bxc4 32.Nxc4 bxc4 33.Bg3 Qe7 34.Qf2 Qb7 35.Bh4
Bg7 36.Qxc5 e3+ 37.Kh2 Qf3 38.Qxf8+ Bxf8 39.Bf6+ Bg7 40.Bxg7+ 1-0

[Event "15th Asian-ch"]
[Site "Chengdu CHN"]
[Date "2017.05.12"]
[Round "1"]
[White "Lu Shanglei"]
[Black "Bersamina, Paulo"]
[Result "1-0"]
[WhiteElo "2619"]
[BlackElo "2419"]
[EventDate "2017.05.12"]
[PlyCount "85"]

1.e4 c5 2.Nf3 e6 3.d4 cxd4 4.Nxd4 Bc5 5.Nb3 Bb6 6.Nc3 Ne7 7.Bf4 d5 8.exd5 
exd5 9.Bd3 Nbc6 10.O-O O-O 11.Qh5 g6 12.Qh4 Nf5 13.Qxd8 Rxd8 14.Bg5 Rd6 
15.Bf4 Rd8 16.Na4 Bd4 17.Nxd4 Nfxd4 18.Bg5 Re8 19.Bf6 Ne2+ 20.Bxe2 Rxe2 
21.Nc3 Rxc2 22.Nxd5 Be6 23.Rad1 Rd8 24.Bc3 Bxd5 25.Rxd5 Re2 26.Rdd1 Rf8 
27.g4 Rfe8 28.Bf6 h6 29.h4 R2e4 30.f3 R4e6 31.g5 h5 32.Kf2 Ne7 33.Rd7 Rb8 
34.a4 a6 35.a5 Nc6 36.b4 Rc8 37.Rxb7 Ne5 38.Rc7 Rb8 39.b5 axb5 40.a6 Ra8 
41.a7 Nc6 42.Rd7 Nxa7 43.Rd8+ 1-0

[Event "15th Asian-ch"]
[Site "Chengdu CHN"]
[Date "2017.05.12"]
[Round "1"]
[White "Dai Changren"]
[Black "Zhou Jianchao"]
[Result "1/2-1/2"]
[WhiteElo "2418"]
[BlackElo "2617"]
[EventDate "2017.05.12"]
[PlyCount "79"]

1.e4 c6 2.d4 d5 3.e5 Bf5 4.Nf3 e6 5.Be2 Ne7 6.O-O c5 7.dxc5 Nec6 8.Be3 Nd7
9.c4 dxc4 10.Na3 Bxc5 11.Bxc5 Nxc5 12.Nxc4 O-O 13.Qc1 Bg4 14.Qe3 Nd7 15.h3
Bh5 16.Rfd1 Qc7 17.Rac1 Rad8 18.g4 Bg6 19.a3 Nb6 20.Nd6 Qb8 21.Qc5 Nd5 22.
Bc4 Nxe5 23.Nxe5 Qxd6 24.Qxd6 Rxd6 25.Bxd5 exd5 26.Rc7 Rb8 27.Rdc1 h5 28.
f4 hxg4 29.hxg4 Re8 30.Rxb7 d4 31.Kf2 d3 32.Rd1 d2 33.Nxg6 fxg6 34.Rb4 a6 
35.Rc4 Rb8 36.Rc2 Rbd8 37.Ke2 Re6+ 38.Kf2 Red6 39.Ke2 Re6+ 40.Kf2 1/2-1/2

[Event "15th Asian-ch"]
[Site "Chengdu CHN"]
[Date "2017.05.12"]
[Round "1"]
[White "Wen Yang"]
[Black "Odeev, Handszar"]
[Result "1-0"]
[WhiteElo "2607"]
[BlackElo "2417"]
[EventDate "2017.05.12"]
[PlyCount "53"]

1.Nf3 Nf6 2.d4 g6 3.g3 Bg7 4.Bg2 d5 5.O-O O-O 6.Nbd2 Bf5 7.c4 c6 8.b3 Ne4 
9.Bb2 Qa5 10.Qc1 Nd7 11.Rd1 Ndf6 12.Nxe4 Bxe4 13.Qe3 Rfe8 14.Bh3 dxc4 15.
bxc4 Qh5 16.Bg2 c5 17.d5 b6 18.d6 Bxf3 19.Bxf3 Qf5 20.Qf4 Rad8 21.Bd5 Qd7 
22.Qf3 Rf8 23.dxe7 Qxe7 24.Bc6 Ne8 25.Rxd8 Bxb2 26.Rad1 Qe5 27.a4 1-0

[Event "15th Asian-ch"]
[Site "Chengdu CHN"]
[Date "2017.05.12"]
[Round "1"]
[White "Liu Yan"]
[Black "Aravindh, Chithambaram"]
[Result "0-1"]
[WhiteElo "2413"]
[BlackElo "2588"]
[EventDate "2017.05.12"]
[PlyCount "66"]

1.d4 Nf6 2.Nf3 e6 3.c4 b6 4.g3 Ba6 5.b3 d5 6.Bg2 dxc4 7.Ne5 Bb4+ 8.Kf1 Bd6
9.Nxc4 Nd5 10.e4 Ne7 11.Bf3 Nd7 12.Qe2 Bxc4 13.Qxc4 c5 14.Bb2 cxd4 15.Qxd4
Be5 16.Qd2 Nc6 17.Be2 Qf6 18.Bxe5 Ndxe5 19.Nc3 Rd8 20.Qf4 Qxf4 21.gxf4 Nd3
22.Bxd3 Rxd3 23.Rc1 O-O 24.Ke2 Rh3 25.Rhd1 Ne7 26.f3 Ng6 27.Rd2 Nxf4+ 28.
Kf2 g5 29.Rg1 Rxh2+ 30.Ke3 h6 31.e5 Rc8 32.Ne4 Rxd2 33.Rh1 Rcc2 0-1

[Event "15th Asian-ch"]
[Site "Chengdu CHN"]
[Date "2017.05.12"]
[Round "1"]
[White "Bai Jinshi"]
[Black "Gonzales, Jayson"]
[Result "1-0"]
[WhiteElo "2586"]
[BlackElo "2409"]
[EventDate "2017.05.12"]
[PlyCount "38"]

1.d4 Nf6 2.c4 e6 3.Nc3 Bb4 4.Nf3 d5 5.Bg5 h6 6.Bxf6 Qxf6 7.e3 O-O 8.Rc1 
Rd8 9.Qb3 Nc6 10.c5 a5 11.a3 a4 12.Qc2 Ba5 13.Bb5 e5 14.Bxc6 exd4 15.Bxa4 
Bf5 16.Qd1 dxc3 17.b4 Bg4 18.Bb3 b6 19.c6 b5 1-0

[Event "15th Asian-ch"]
[Site "Chengdu CHN"]
[Date "2017.05.12"]
[Round "1"]
[White "Tran Minh Thang"]
[Black "Sengupta, Deep"]
[Result "0-1"]
[WhiteElo "2409"]
[BlackElo "2586"]
[EventDate "2017.05.12"]
[PlyCount "68"]

1.d4 Nf6 2.Nf3 b6 3.Bf4 Bb7 4.e3 c5 5.c3 g6 6.Bd3 Bg7 7.Nbd2 O-O 8.O-O Nc6
9.Re1 d6 10.Bf1 Re8 11.e4 cxd4 12.cxd4 e5 13.Bg5 Nxd4 14.Nxd4 exd4 15.f3 
h6 16.Bh4 g5 17.Bf2 d5 18.e5 Nd7 19.f4 gxf4 20.Nf3 Nxe5 21.Nxe5 Rxe5 22.
Rxe5 Bxe5 23.Qg4+ Qg5 24.Qd7 Rb8 25.Re1 d3 26.h3 Qg7 27.Bxd3 f3 28.g3 f6 
29.Qe6+ Kh8 30.h4 Rd8 31.Bg6 d4 32.Qf5 Qc7 33.g4 Qd6 34.Bh5 Bh2+ 0-1

[Event "15th Asian-ch"]
[Site "Chengdu CHN"]
[Date "2017.05.12"]
[Round "1"]
[White "Karthikeyan, Murali"]
[Black "Nguyen Huynh Minh Huy"]
[Result "1/2-1/2"]
[WhiteElo "2585"]
[BlackElo "2406"]
[EventDate "2017.05.12"]
[PlyCount "114"]

1.e4 c5 2.Nf3 d6 3.d4 cxd4 4.Nxd4 Nf6 5.f3 e5 6.Nb3 a5 7.Nc3 Be7 8.Be3 O-O
9.Nd2 Be6 10.Nc4 Nc6 11.Nb6 Rb8 12.Be2 Nh5 13.g3 f5 14.Bc4 Bxc4 15.Nxc4 
fxe4 16.fxe4 Nf6 17.Nb6 Nd4 18.Bxd4 exd4 19.Qxd4 Ng4 20.e5 Bg5 21.Nc4 h5 
22.h3 Nxe5 23.Nxe5 dxe5 24.Qxd8 Rbxd8 25.Rd1 Rxd1+ 26.Nxd1 Rf3 27.h4 Be7 
28.Rg1 Bc5 29.Rg2 Kf7 30.Nc3 Ke6 31.Ne4 Be7 32.Ke2 Rf8 33.Ke3 b5 34.c3 g6 
35.Rc2 Rc8 36.Kd3 Rd8+ 37.Ke3 Rc8 38.b3 Bc5+ 39.Kd3 Rd8+ 40.Ke2 Be7 41.Ke3
Rd1 42.c4 bxc4 43.Rxc4 Kf5 44.Rc7 Re1+ 45.Kf3 Rxe4 46.Rxe7 Rd4 47.Rf7+ Ke6
48.Ra7 Rd3+ 49.Ke4 Rxg3 50.Ra6+ Kd7 51.Rxa5 Rg4+ 52.Ke3 Rxh4 53.Ra7+ Kc8 
54.Kd3 g5 55.Kc3 Kd8 56.Rg7 Rg4 57.Kd3 Kc8 1/2-1/2

[Event "15th Asian-ch"]
[Site "Chengdu CHN"]
[Date "2017.05.12"]
[Round "1"]
[White "Lin Yi"]
[Black "Maghsoodloo, Parham"]
[Result "1/2-1/2"]
[WhiteElo "2397"]
[BlackElo "2577"]
[EventDate "2017.05.12"]
[PlyCount "52"]

1.d4 Nf6 2.c4 g6 3.Nc3 d5 4.Bf4 Bg7 5.e3 c5 6.dxc5 Qa5 7.Rc1 dxc4 8.Bxc4 
O-O 9.Nf3 Qxc5 10.Bb3 Nc6 11.O-O Qa5 12.h3 Bf5 13.Qe2 Ne4 14.Nd5 e5 15.Bh2
Be6 16.Rfd1 Rfd8 17.Qc4 Nf6 18.e4 Rac8 19.Ng5 Nd4 20.Ne7+ Kf8 21.Nxe6+ 
Kxe7 22.Nxd8 Rxc4 23.Bxc4 Nxe4 24.Nxf7 Qb6 25.Nxe5 Bxe5 26.Bxe5 Nf3+ 
1/2-1/2

[Event "15th Asian-ch"]
[Site "Chengdu CHN"]
[Date "2017.05.12"]
[Round "1"]
[White "Sadorra, Julio Catalino"]
[Black "Sriram, Jha"]
[Result "1/2-1/2"]
[WhiteElo "2575"]
[BlackElo "2390"]
[EventDate "2017.05.12"]
[PlyCount "72"]

1.d4 d5 2.c4 c6 3.cxd5 cxd5 4.Bf4 Nc6 5.e3 Nf6 6.Nc3 a6 7.Bd3 Bg4 8.Nge2 
e6 9.O-O Be7 10.Rc1 O-O 11.Na4 Rc8 12.f3 Bh5 13.Nc5 Nb4 14.Bb1 b6 15.Nd3 
b5 16.Nc5 Nd7 17.Qd2 Nxc5 18.Qxb4 Na4 19.Qd2 Qd7 20.b3 Nb6 21.Qa5 Qb7 22.
Bg3 Bg6 23.Bxg6 hxg6 24.Nf4 Rxc1 25.Rxc1 Rc8 26.Rxc8+ Qxc8 27.Nd3 Nd7 28.
Bc7 Qb7 29.Qc3 Nc5 30.dxc5 Qxc7 31.b4 Bg5 32.f4 Bf6 33.Qa3 Qc6 34.Nf2 e5 
35.Qd3 exf4 36.Qc2 g5 1/2-1/2

[Event "15th Asian-ch"]
[Site "Chengdu CHN"]
[Date "2017.05.12"]
[Round "1"]
[White "Zhao Yuanhe"]
[Black "Sandipan, Chanda"]
[Result "1/2-1/2"]
[WhiteElo "2383"]
[BlackElo "2575"]
[EventDate "2017.05.12"]
[PlyCount "86"]

1.d4 d5 2.c4 c6 3.cxd5 cxd5 4.Bf4 Nc6 5.e3 Nf6 6.Nc3 Bf5 7.Qb3 Na5 8.Qa4+ 
Bd7 9.Qd1 e6 10.Bd3 Be7 11.Nf3 O-O 12.O-O Rc8 13.Qe2 Nh5 14.Be5 f5 15.Rac1
Nf6 16.Rc2 Nc6 17.a3 h6 18.Rfc1 Be8 19.Qe1 Bh5 20.Nd2 Nd7 21.Bg3 g5 22.Nb5
Nf6 23.f3 a6 24.Nc3 f4 25.Bf2 e5 26.dxe5 fxe3 27.Qxe3 d4 28.Qe2 dxc3 29.
exf6 cxd2 30.Rxd2 Bd6 31.Qe6+ Kh8 32.f7 Kg7 33.Qf5 Rh8 34.Rxc6 Rxc6 35.
Bd4+ Kf8 36.Bxh8 Qb6+ 37.Kf1 Rc1+ 38.Ke2 Bxf7 39.Rc2 Rxc2+ 40.Bxc2 Bf4 41.
Qc8+ Be8 42.Qf5+ Bf7 43.Qc8+ Be8 1/2-1/2

[Event "15th Asian-ch"]
[Site "Chengdu CHN"]
[Date "2017.05.12"]
[Round "1"]
[White "Xu Yinglun"]
[Black "Chen Qi B"]
[Result "1/2-1/2"]
[WhiteElo "2560"]
[BlackElo "2362"]
[EventDate "2017.05.12"]
[PlyCount "46"]

1.d4 Nf6 2.c4 e6 3.Nf3 d5 4.Nc3 Nbd7 5.Bg5 c6 6.cxd5 exd5 7.e3 Be7 8.Qc2 
Nh5 9.Bxe7 Qxe7 10.O-O-O Nb6 11.h3 Be6 12.Bd3 O-O-O 13.Kb1 Kb8 14.Rc1 Nf6 
15.g4 Bc8 16.g5 Ne8 17.h4 Nd6 18.Ka1 g6 19.Rcg1 Bf5 20.Bxf5 Nxf5 21.h5 Ng7
22.hxg6 hxg6 23.Ne5 Nd7 1/2-1/2

[Event "15th Asian-ch"]
[Site "Chengdu CHN"]
[Date "2017.05.12"]
[Round "1"]
[White "Andyka, Pitra"]
[Black "Tran Tuan Minh"]
[Result "0-1"]
[WhiteElo "2358"]
[BlackElo "2537"]
[EventDate "2017.05.12"]
[PlyCount "116"]

1.d4 Nf6 2.Bg5 e6 3.e4 h6 4.Bxf6 Qxf6 5.Nc3 Bb4 6.Qd2 d5 7.e5 Qd8 8.f4 c5 
9.Nf3 Nc6 10.Bb5 Qa5 11.O-O Bd7 12.Bxc6 Bxc6 13.a3 Bxc3 14.bxc3 g6 15.Qe3 
Rc8 16.dxc5 Bb5 17.Rfb1 Ba6 18.Nd4 Qxc5 19.Rb3 b6 20.a4 Qa5 21.Kh1 Rc4 22.
Rba3 Kf8 23.Qg3 Qc5 24.Rb3 Qc7 25.h3 Rc5 26.Rab1 Qd7 27.Ra1 Kg7 28.Re1 Kh7
29.Rb4 Rhc8 30.Re3 Qe7 31.Rb3 Rc4 32.Nb5 Bxb5 33.axb5 Ra4 34.Rf3 Ra1+ 35.
Kh2 Rc4 36.Rb4 Qc5 37.Qh4 Qg1+ 38.Kg3 Qe1+ 39.Kg4 Qxe5 40.Rxc4 Qf5+ 41.Kg3
dxc4 42.Qe7 Kg7 43.Re3 Rf1 44.Qd6 h5 45.Qd4+ Kh7 46.Qxc4 h4+ 47.Kh2 Rxf4 
48.Qc7 Rf2 49.Re1 Rxc2 50.Qxa7 Qf2 51.Rg1 Rxc3 52.Kh1 Rc2 53.Qb7 Kg7 54.
Rd1 Re2 55.Qc6 e5 56.Qd5 e4 57.Qe5+ Kh7 58.Qg5 Qg3 0-1

[Event "15th Asian-ch"]
[Site "Chengdu CHN"]
[Date "2017.05.12"]
[Round "1"]
[White "Xu Xiangyu"]
[Black "Kakabaev, Mergen"]
[Result "1-0"]
[WhiteElo "2534"]
[BlackElo "2350"]
[EventDate "2017.05.12"]
[PlyCount "71"]

1.d4 d5 2.c4 c6 3.cxd5 cxd5 4.Bf4 Nc6 5.e3 Nf6 6.Nc3 e6 7.Bd3 Bd6 8.Bxd6 
Qxd6 9.f4 Bd7 10.Nf3 O-O 11.Rc1 Rac8 12.O-O Rfd8 13.a3 Be8 14.Rf2 Na5 15.
Ne5 Rc7 16.Qf3 b5 17.g4 Rb8 18.Rcf1 Nc4 19.Bxc4 bxc4 20.f5 exf5 21.gxf5 
Rcb7 22.Qg2 a5 23.Kh1 Ne4 24.Nxe4 dxe4 25.f6 g6 26.Rc1 Rc7 27.Rc3 Bc6 28.
Nxc4 Qd8 29.Qg5 Bd5 30.Ne5 Rxc3 31.bxc3 Qf8 32.Nd7 Rb1+ 33.Kg2 h6 34.Qxd5 
Qxa3 35.Qa8+ Kh7 36.Nf8+ 1-0

[Event "15th Asian-ch"]
[Site "Chengdu CHN"]
[Date "2017.05.12"]
[Round "1"]
[White "Zhu Yi"]
[Black "Lalith Babu, Musunuri Rohit"]
[Result "1/2-1/2"]
[WhiteElo "2328"]
[BlackElo "2529"]
[EventDate "2017.05.12"]
[PlyCount "73"]

1.d4 g6 2.c4 Bg7 3.Nf3 d6 4.Nc3 Nd7 5.e4 e5 6.Be2 Ne7 7.dxe5 Nxe5 8.Nxe5 
dxe5 9.Qxd8+ Kxd8 10.Bg5 c6 11.O-O-O+ Ke8 12.Rd6 h6 13.Rhd1 Be6 14.Be3 Ng8
15.c5 Bf8 16.R6d2 Nf6 17.b3 Be7 18.f3 Nh5 19.Na4 Bg5 20.Bxg5 hxg5 21.Nb2 
Nf4 22.Bc4 Rxh2 23.g3 Rxd2 24.Rxd2 Bxc4 25.Nxc4 Ne6 26.Rh2 Ke7 27.Nxe5 Kf6
28.Nd7+ Kg7 29.e5 Rd8 30.Rd2 Rh8 31.b4 a5 32.a3 axb4 33.axb4 Rh3 34.Nf6 
Rxg3 35.Rh2 Nf8 36.Ne8+ Kg8 37.Nf6+ 1/2-1/2

[Event "15th Asian-ch"]
[Site "Chengdu CHN"]
[Date "2017.05.12"]
[Round "1"]
[White "Batchuluun, Cegmed"]
[Black "Chen Fan"]
[Result "1-0"]
[WhiteElo "2525"]
[BlackElo "2326"]
[EventDate "2017.05.12"]
[PlyCount "61"]

1.c4 c6 2.d4 d5 3.Nc3 Nf6 4.Nf3 a6 5.c5 g6 6.Bf4 Bg7 7.h3 O-O 8.e3 Qe8 9.
Bd3 Nbd7 10.Bh2 Nh5 11.g4 Nhf6 12.Qc2 Qd8 13.O-O-O Ne8 14.Kb1 Nc7 15.Na4 
f6 16.e4 e6 17.h4 dxe4 18.Bxe4 f5 19.gxf5 exf5 20.Bd3 Nd5 21.Bd6 Rf6 22.h5
Rxd6 23.cxd6 Nf8 24.hxg6 hxg6 25.Nc3 Qxd6 26.Nxd5 cxd5 27.Qd2 Bd7 28.Rde1 
Be8 29.Ne5 Nd7 30.f4 Nf6 31.Reg1 1-0

[Event "15th Asian-ch"]
[Site "Chengdu CHN"]
[Date "2017.05.12"]
[Round "1"]
[White "Zou Chen"]
[Black "Utegaliev, Azamat"]
[Result "1/2-1/2"]
[WhiteElo "2320"]
[BlackElo "2522"]
[EventDate "2017.05.12"]
[PlyCount "94"]

1.e4 e5 2.Nf3 Nc6 3.Bb5 a6 4.Ba4 Nf6 5.O-O d6 6.Re1 Bg4 7.c3 Be7 8.d3 Nd7 
9.h3 Bh5 10.Nbd2 Nc5 11.Bc2 Ne6 12.Nf1 O-O 13.Ng3 Bxf3 14.Qxf3 Bg5 15.Be3 
g6 16.b4 Bf4 17.Bb3 Kh8 18.Qd1 Bxe3 19.Rxe3 Ng7 20.Re1 Qg5 21.Qc1 Qh4 22.
Ne2 f5 23.f3 Ne7 24.Qe3 Nh5 25.Rf1 Nf6 26.Be6 f4 27.Qf2 Qxf2+ 28.Kxf2 d5 
29.c4 c6 30.cxd5 cxd5 31.Rac1 Nc6 32.a3 Rad8 33.h4 Rd6 34.Bh3 Rfd8 35.Rc2 
dxe4 36.dxe4 Rd3 37.Ra2 Kg7 38.Rc1 Kh6 39.Rc5 Rd2 40.Rxd2 Rxd2 41.Ke1 Ra2 
42.Rc3 Ra1+ 43.Kf2 Ra2 44.Ke1 Ra1+ 45.Kf2 Ra2 46.Ke1 Ra1+ 47.Kf2 Ra2 
1/2-1/2

[Event "15th Asian-ch"]
[Site "Chengdu CHN"]
[Date "2017.05.12"]
[Round "1"]
[White "Tabatabaei, Mohammadamin"]
[Black "Zhang Ziji"]
[Result "0-1"]
[WhiteElo "2521"]
[BlackElo "2312"]
[EventDate "2017.05.12"]
[PlyCount "84"]

1.e4 e5 2.Nf3 Nc6 3.Bb5 a6 4.Ba4 Nf6 5.O-O Be7 6.Re1 b5 7.Bb3 d6 8.c3 O-O 
9.a4 b4 10.a5 h6 11.h3 Be6 12.Bxe6 fxe6 13.d3 Rb8 14.Nbd2 Qe8 15.d4 bxc3 
16.bxc3 exd4 17.cxd4 Rb5 18.Nc4 Qg6 19.Qe2 Nh5 20.Bd2 Nf4 21.Bxf4 Rxf4 22.
Ncd2 Nb4 23.Qc4 c6 24.Qc3 Rf8 25.Ra4 Rfb8 26.Nc4 Qe8 27.Nb6 c5 28.Ra3 Nc6 
29.Nc4 cxd4 30.Nxd4 Nxd4 31.Qxd4 e5 32.Qd2 d5 33.exd5 Bxa3 34.Nxa3 Rb2 35.
Qc3 Qf8 36.Nc2 Qc8 37.Qxc8+ Rxc8 38.Ne3 Rcb8 39.Nf1 Rb1 40.Rxe5 Rd1 41.d6 
Rbb1 42.Kh2 Rxd6 0-1

[Event "15th Asian-ch"]
[Site "Chengdu CHN"]
[Date "2017.05.12"]
[Round "1"]
[White "Xu Minghui"]
[Black "Atabaev, Maksat"]
[Result "1-0"]
[WhiteElo "2286"]
[BlackElo "2519"]
[EventDate "2017.05.12"]
[PlyCount "85"]

1.d4 Nf6 2.c4 e6 3.Nf3 b6 4.a3 Bb7 5.Nc3 d5 6.Bg5 Nbd7 7.cxd5 exd5 8.g3 
Be7 9.Bg2 O-O 10.O-O c6 11.Rc1 Re8 12.Re1 Ne4 13.Bxe7 Qxe7 14.e3 f5 15.Re2
a5 16.Rec2 Rac8 17.Ne1 Kh8 18.Nd3 Nd6 19.Nb1 Nc4 20.Qf3 Ba6 21.Nf4 Nf6 22.
h4 Qd7 23.Bf1 Bb7 24.Nd2 Nd6 25.Qd1 Nf7 26.Nf3 Qd6 27.Qd3 g6 28.Rb1 Kg7 
29.b4 axb4 30.axb4 Ra8 31.b5 cxb5 32.Qxb5 Nd7 33.Rbc1 Ra5 34.Qb2 Re7 35.
Rc7 Ba8 36.Bb5 Nf8 37.Rxe7 Qxe7 38.Bc6 Bxc6 39.Rxc6 Nd7 40.Ne6+ Kh6 41.e4 
dxe4 42.Qc1+ g5 43.hxg5+ 1-0

[Event "15th Asian-ch"]
[Site "Chengdu CHN"]
[Date "2017.05.12"]
[Round "1"]
[White "Al-Rakib, Abdullah"]
[Black "Pang Tao"]
[Result "1/2-1/2"]
[WhiteElo "2503"]
[BlackElo "2193"]
[EventDate "2017.05.12"]
[PlyCount "48"]

1.d4 d5 2.Nf3 Nf6 3.c4 dxc4 4.e3 e6 5.Bxc4 c5 6.O-O a6 7.b3 b5 8.Be2 Bb7 
9.a4 bxa4 10.Rxa4 Nbd7 11.Nbd2 Nb6 12.Ra1 cxd4 13.Nxd4 Bb4 14.Bf3 Nbd5 15.
Nc4 O-O 16.Bd2 Bc3 17.Rc1 Bxd4 18.Ba5 Nxe3 19.fxe3 Bxe3+ 20.Nxe3 Qxa5 21.
Bxb7 Qb6 22.Bxa8 Qxe3+ 23.Kh1 Rxa8 24.Rf3 Qe5 1/2-1/2

[Event "15th Asian-ch"]
[Site "Chengdu CHN"]
[Date "2017.05.12"]
[Round "1"]
[White "Wang Shixu B"]
[Black "Fang Yuxiang"]
[Result "1/2-1/2"]
[WhiteElo "2187"]
[BlackElo "2493"]
[EventDate "2017.05.12"]
[PlyCount "70"]

1.d4 Nf6 2.c4 c6 3.Nf3 d5 4.Nc3 a6 5.cxd5 cxd5 6.Bf4 Nc6 7.e3 Bg4 8.h3 
Bxf3 9.Qxf3 e6 10.Bd3 Nb4 11.Bb1 h6 12.Bg3 Be7 13.O-O O-O 14.a3 Nc6 15.Bd3
Rc8 16.Rac1 Na5 17.Na4 b5 18.Nc5 Bxc5 19.Rxc5 Rxc5 20.dxc5 Nb3 21.Bd6 Nd2 
22.Qf4 Nxf1 23.Bxf8 Qxf8 24.Kxf1 Qxc5 25.Qb8+ Qf8 26.Qb7 g5 27.Qxa6 b4 28.
Ke2 bxa3 29.Qxa3 e5 30.Bf5 Ne8 31.Bd7 Nd6 32.Bc6 Qb8 33.Qa8 Qxa8 34.Bxa8 
Nc4 35.Bxd5 Nxb2 1/2-1/2